TANZU ZA LUGHA (Record no. 209341)
[ view plain ]
| 000 -LEADER | |
|---|---|
| fixed length control field | 00354nam a22001217a 4500 |
| 008 - FIXED-LENGTH DATA ELEMENTS--GENERAL INFORMATION | |
| fixed length control field | 240227b |||||||| |||| 00| 0 eng d |
| 020 ## - INTERNATIONAL STANDARD BOOK NUMBER | |
| International Standard Book Number | 9966-22-319-3 |
| 100 ## - MAIN ENTRY--PERSONAL NAME | |
| Personal name | NJOGU, KIMANI |
| 245 ## - TITLE STATEMENT | |
| Title | TANZU ZA LUGHA |
| Remainder of title | KITATO CHA PILI, KITABU CHA WANAFUNZI |
| 260 ## - PUBLICATION, DISTRIBUTION, ETC. | |
| Place of publication, distribution, etc. | NAIROBI |
| Name of publisher, distributor, etc. | THE JOMO KENYAATTA FOUNDATION |
| Date of publication, distribution, etc. | 2003 |
| 300 ## - PHYSICAL DESCRIPTION | |
| Extent | XII, 218P. |
| 942 ## - ADDED ENTRY ELEMENTS (KOHA) | |
| Source of classification or shelving scheme | Library of Congress Classification |
| Koha item type | Long Loan Book |
| Withdrawn status | Lost status | Source of classification or shelving scheme | Damaged status | Not for loan | Collection | Home library | Current library | Date acquired | Inventory number | Total checkouts | Full call number | Barcode | Date last seen | Date last checked out | Copy number | Price effective from | Koha item type | Shelving location |
|---|---|---|---|---|---|---|---|---|---|---|---|---|---|---|---|---|---|---|
| Library of Congress Classification | Arts & Social Sciences | Kisii University Library | Kisii University Library | 02/27/2024 | 44580 | 2 | PL 8702 .T36 2003 V.2 | 000000002599 | 03/31/2025 | 03/17/2025 | 1 | 02/27/2024 | Long Loan Book | |||||
| Library of Congress Classification | Arts & Social Sciences | Kisii University Library | Kisii University Library | 05/08/2024 | 44582 | 1 | PL 8702 T 36 2003 V.2 | 000000003533 | 02/23/2026 | 03/20/2025 | 3 | 05/08/2024 | Long Loan Book | On Display | ||||
| Library of Congress Classification | Arts & Social Sciences | Kisii University Library | Kisii University Library | 05/08/2024 | 44588 | 1 | PL 8702 T 36 2003 V.2 | 000000003532 | 03/26/2025 | 03/21/2025 | 9 | 05/08/2024 | Long Loan Book | On Display | ||||
| Library of Congress Classification | Arts & Social Sciences | Kisii University Library | Kisii University Library | 05/08/2024 | 44581 | 1 | PL 8702 T 36 2003 V.2 | 000000003534 | 04/03/2025 | 03/17/2025 | 2 | 05/08/2024 | Long Loan Book | On Display |